|
|
|
|
| LEADER |
00961nab a2200265 i 4500 |
| 001 |
publ18199 |
| 005 |
20260527133553.0 |
| 008 |
200211s2019 hu o 000 eng d |
| 022 |
|
|
|a 0039-128X
|
| 024 |
7 |
|
|a 10.1016/j.steroids.2019.108500
|2 doi
|
| 024 |
7 |
|
|a 30838971
|2 mtmt
|
| 040 |
|
|
|a SZTE Publicatio Repozitórium
|b hun
|
| 041 |
|
|
|a eng
|
| 100 |
1 |
|
|a Kiss Anita
|
| 245 |
1 |
0 |
|a Stereocontrolled synthesis of the four possible 3-methoxy and 3-benzyloxy-16-triazolyl-methyl-estra-17-ol hybrids and their antiproliferative activities
|h [elektronikus dokumentum] /
|c Kiss Anita
|
| 260 |
|
|
|c 2019
|
| 300 |
|
|
|a 14
|
| 490 |
0 |
|
|a STEROIDS
|v 152
|
| 700 |
0 |
1 |
|a Wölfling János
|e aut
|
| 700 |
0 |
1 |
|a Mernyák Erzsébet
|e aut
|
| 700 |
0 |
2 |
|a Nagyné Frank Éva
|e aut
|
| 700 |
0 |
2 |
|a Benke Zsanett Amália
|e aut
|
| 700 |
0 |
2 |
|a Zupkó István
|e aut
|
| 700 |
0 |
2 |
|a Schneider Gyula
|e aut
|
| 856 |
4 |
0 |
|u http://publicatio.bibl.u-szeged.hu/18199/1/STEROIDS-D-19-00155_R11.pdf
|z Dokumentum-elérés
|